KJV Standard Lesson Commentary (Record no. 4514)

MARC details
000 -LEADER
fixed length control field 00431nam a22001577a 4500
008 - FIXED-LENGTH DATA ELEMENTS--GENERAL INFORMATION
fixed length control field 260209b |||||||| |||| 00| 0 eng d
020 ## - INTERNATIONAL STANDARD BOOK NUMBER
ISBN 9780784713358
100 ## - MAIN ENTRY--AUTHOR
Author NICKELSON, L, RONALD
245 ## - TITLE STATEMENT
Title KJV Standard Lesson Commentary
260 ## - PUBLICATION, DISTRIBUTION, ETC. (IMPRINT)
Place of publication OHIO USA
Name of publisher Standard publishing
Date of publication 2004
300 ## - COLLATION
Pagination IX, 447p.
Other physical details index, table, pictures
650 ## - TRACINGS
Main Subject Christian study
942 ## - ADDED ENTRY ELEMENTS (KOHA)
Item type Books
050 ## - LIBRARY OF CONGRESS CALL NUMBER
Classification number BV1560
Item number N53
Holdings
Source of classification or shelving scheme Not for loan Permanent location Current location Date acquired Accession No. Full call number Barcode. Copy number Koha item type
Library of Congress Classification   Samuel Ogbemudia Main Library, University of Abuja Samuel Ogbemudia Main Library, University of Abuja 02/09/2026 2025/65479 BV1560 .N53 2026-0001 1 Books